| 000 | 01004nam a2200253Ia 4500 | ||
|---|---|---|---|
| 003 | GCL | ||
| 008 | 140319s9999 xx 000 0 ara d | ||
| 020 | _a2780215977 | ||
| 040 |
_aGCL / _cGCL |
||
| 082 | 0 | 4 |
_a811.4 _bع ش |
| 100 | 1 | _aعبدالفتاح عثمان | |
| 245 | 1 | 0 |
_aشعر المرأة فى العصر العباسى : _bدراسة تاريخية تحليلية فنية / _cعبدالفتاح عثمان |
| 250 | _aالاولى | ||
| 260 |
_aالقاهرة : _bدار غريب للطباعة والنشر والتوزيع ، _c2004 |
||
| 300 |
_a251 ص ؛ _c24 سم |
||
| 650 | 0 | 4 | _aالشعر الغزلى |
| 650 | 0 | 4 | _aالشعر الصوفى |
| 650 | 0 | 4 | _aالرقيق فى الادب |
| 650 | 0 | 4 | _aالشعر العربى - تاريخ - العصر العثمانى |
| 650 | 0 | 4 | _aشعر المراة - تاريخ - العصر العباسى |
| 650 | 0 | 4 | _aالمرأة فى العصر العباسى |
| 650 | 0 | 4 | _aالرقيق - العصر العباسى |
| 942 |
_2ddc _cBK |
||
| 999 |
_c7896 _d7896 |
||